000 00682nam a2200241Ia 4500
008 180523s9999 xx 000 0 und d
020 _a981-244-501-3
050 _aMAIN HF 1017
050 _b.B47 2002 c.2
100 _aBerenson, Mark L.
245 0 _aBasic business statistics :
245 0 _bconcepts and applications /
245 0 _cMark L. Berenson, David M. Levine, Timothy C. Krehbiel.
250 _a8th Edition
260 _aSingapore :
260 _bPearson Education South Asia,
260 _c2002
300 _a851 pages:
300 _billustrations ;
300 _c23 cm.
500 _aIncludes index.
650 _aCommercial statistics -- Textbooks.
999 _c356991
_d356991